Guess The Fortnite Skin - Statistics

General Stats
  • This quiz has been taken 19 times
  • The average score is 10 of 15
Answer Stats
Picture Answer % Correct
Midas
100%
Peely
100%
Fishstick
86%
Omega
86%
Galaxy
79%
Aura
71%
Jonesy
71%
Renegade Raider
71%
Brite Bomber
64%
Drift
64%
Meowscles
50%
Surf Witch
50%
Siren
43%
Ikonik
36%
Skuul Trooper
21%
No matching quizzes found
Score Distribution
Percent of People with Each Score
Percentile by Number Answered
Your Score History
You have not taken this quiz